Networking and the Future of LIbraries/ (Record no. 197767)

MARC details
000 -LEADER
fixed length control field 00534nam a22001937a 4500
005 - DATE AND TIME OF LATEST TRANSACTION
control field 20230911105801.0
010 ## - LCCN (DPL NO)
LC control number ENG-137666
020 ## - INTERNATIONAL STANDARD BOOK NUMBER
Terms of availability 150.00
International Standard Book Number 8187317353
035 ## - SYSTEM CONTROL NUMBER
System control number EN-121298
037 ## - SOURCE OF ACQUISITION
Source of stock number/acquisition DBAD/PUB
082 ## - DEWEY DECIMAL CLASSIFICATION NUMBER
Classification number 345.94308
100 ## - MAIN ENTRY--PERSONAL NAME
Personal name Iyer , V.K
245 ## - TITLE STATEMENT
Title Networking and the Future of LIbraries/
Medium ENG
250 ## - EDITION STATEMENT
Edition statement
260 ## - PUBLICATION, DISTRIBUTION, ETC. (IMPRINT)
Place of publication, distribution, etc Delhi
Name of publisher, distributor, etc Rajat Publications
Date of publication, distribution, etc 1998
270 ## - ADDRESS
Address 4/32, geeta colony
City Delhi
Postal code 110031
300 ## - PHYSICAL DESCRIPTION
Extent 283p.
Dimensions 22cm(pbk)
Other physical details Index
942 ## - ADDED ENTRY ELEMENTS (KOHA)
Source of classification or shelving scheme Dewey Decimal Classification
Item type English Books
Classification part 021.65
Call number prefix IYE
Holdings
Withdrawn status Lost status Not for loan Collection code Home library Current library Date acquired Source of acquisition Cost, normal purchase price Full call number Barcode Copy number Cost, replacement price Koha item type
    Not For Loan Non-fiction D.B.Act.Division D.B.Act.Division 01/09/2023 DBAD/PUB 300.00 021.65 IYE EN-121298 1 300.00 English Books

© Delhi Public Library
Hit Counter
free hit counter